Chansons françaises par paroles commençant par I - Statistiques

Statistiques générales
  • Ce quiz a été pris 128 fois
  • Le résultat moyen est 6 sur 20
Statistiques - réponses
Hint Réponse % Correct
Ne dites pas que ce garçon n'valait rien
Il avait choisi un autre chemin
Et pour quelles raisons étranges
Les gens qui pensent autrement ça nous dérange
Ça nous dérange
Il jouait du piano debout
85%
Eh là qui va là (______________)
Eh là ça va pas (ouh ouh)
Oh là je suis là (______________)
C'est moi que voilà (______________)
Ça va être la joie (ouh ouh)
Au nom de la loi (moi je vous arrête)
Je vous arrête là
Inspecteur Gadget
66%
Il était vraiment plus âgé que moi Je suis tout bêtement tombée dans ses bras Par lui j'ai découvert c'que j'connaissais pas Il semblait sincère, je l'aimais pour ça Ce qui m'a toujours dérangée Est que rarement le soir je pouvais le capter Mais dès qu'il me parlait Je la fermais Il avait les mots
58%
Je suis l'dauphin d'la place Dauphine Et la place Blanche a mauvaise mine Les camions sont pleins de lait Les balayeurs sont pleins d'balais Il est cinq heures, Paris s'éveille
53%
Déchirées nos guenilles de vauriens
Les fers à nos chevilles loin bien loin
Tu ris mais sois tranquille un matin
J’aurai tout ce qui brille dans mes mains
Il suffira d'un signe
49%
J’ai fait la cour J’ai fait mon cirque J’attendais d’être heureux J’ai fait le clown c’est vrai Et j’ai rien fait Mais ça ne va pas mieux Il est où le bonheur
45%
Il met de la magie mine de rien dans tout c'qu'il fait Il a l'sourire facile même pour les imbéciles Il s'amuse bien il tombe jamais dans les pièges Il s'laisse pas étourdir par les néons des manèges Il vit sa vie sans s'occuper des grimaces Que font autour de lui les poissons dans la nasse Il est libre Max
32%
Souviens-toi c'était un jeudi
Souviens-toi on avait suivi
Le chemin des amoureux
C'était ______________
Il était une fois nous deux
31%
Soudain quand elle est partie J’ai vu qu’elle n’était plus là Et comme elle n’était plus là Je m’suis dit elle est partie Isabelle a les yeux bleus
30%
Et Jude habite seule Un cottage à Chelsea John et Paul je crois sont les seuls À qui elle ait écrit Le vieux sergent Peppers A perdu ses médailles Au dernier refrain d'Hello Goodbye Hello Goodbye Il a neigé sur Yesterday
20%
C'est comme des parfums qu'on respire Juste un regard Facile à faire Un peu plus d'amour que d'ordinaire Il faudra leur dire
19%
___________ du vent Un peu de pluie De longues balades Et pas de bruit Non pas de bruit Il nous faut
18%
Et quand le temps se lasse de n'être que tué Plus une seconde ne passe dans les vies d'uniformité Quand de peine en méfiance de larmes en plus jamais Puis de dépit en défiance on apprend à se résigner Viennent les heures sombres où tout peut enfin s'allumer Où quand les vies ne sont plus qu'ombres restent nos rêves à inventer Il me dit que je suis belle
17%
J'te regarde t'amuser et je fais semblant
Mais je n'peux pas t'empêcher d'être un enfant
Toi tu fais de grands gestes
Tu as l'air si content
Tu vois des fois
J'déteste ce que j'ressens
Il y a trop de gens qui t'aiment
16%
Sur une plage il y avait une belle fille Qui avait peur d'aller prendre son bain Elle craignait de quitter sa cabine Elle tremblait de montrer au voisin Un deux trois, elle tremblait de montrer quoi ? Itsi bitsi petit bikini
16%
Elle vеut voir Mada, j'veux y voir clair, elle veut quitter Paname et changer d'air
Elle aime les balades et les choses simples, elle envie pas la vie d'un milliardaire
Même quand elle me travaille, me teste, et que ma garde se baisse
J'peux pas la quitter, elle me fait kiffer, elle sait qu'dans son regard j'me perds
Imagine
11%
Une nuit que j'étais
À me morfondre
Dans quelque pub anglais
Du cœur de Londres
Parcourant l'Amour mon-stre de Pauwels
Me vint une vision
Dans l'eau de Seltz
Initials B.B.
11%
Je cherche celle qui serait mienne Mais comment faire pour la trouver Le temps s'en va le temps m'entraîne Je ne fais que passer L'{idole des jeunes}
8%
Si les mots sont des traces je marquerai ma peau de ce qu'on ne dit pas Pour que rien ne t'efface je garderai le mal s'il ne reste que ça On aura beau me dire que rien ne valait rien tout ce rien est à moi À quoi peut me servir de trouver le destin s'il ne mène pas à toi Immortelle
4%
Pendant que nos souvenirs se changent en larmes sur ma peau
Oh, j'ai mal, j'ai peur de rester seule dans ce vide
Alors je laisse mourir mon cœur and left the rest in pieces
Des millions de gens mais je n'veux que toi
Même sur les photos j'entends ta voix
Mais ce qu'il y a de pire, c'est ta main que j'aimerais tenir
Et je sais pourtant qu'elle ne reviendra pas
In The Stars
2%
Aucun quiz correspondant
Distribution des résultats
% des personnes avec chaque résultat
Percentile par nombre de réponses
Votre historique - résultats
Vous n’avez pas pris ce quiz